Qui est mort ? - XXIème siècle #1 - Statistiques

Statistiques générales
  • Ce quiz a été pris 113 fois
  • Le résultat moyen est 6 sur 10
Statistiques - réponses
Hint Réponse % Correct
Ce jeune chanteur français décède de complications d'une maladie qui lui avait été diagnostiquée très jeune, la mucoviscidose. Grégory Lemarchal (1983-2007)
83%
Cette artiste britannique décède d'une surdose d'alcool. Elle combattait sa toxicodépendance; l'une de ses plus célèbres chansons traite de ce sujet. Amy Winehouse (1983-2011)
80%
Cet artiste américain décède d'une surdose de divers médicaments, injectés par son médecin personnel. Malgré des tentatives de réanimation de près d'une heure à l'hôpital, il est déclaré mort, et le monde entier pleurera son décès tant il était célèbre et aimé. Michael Jackson (1958-2009)
79%
Cette actrice française meurt des suites des coups de son compagnon, à Vilnius, en Lituanie. L'affaire est très médiatisée; certains articles de presse parlent de "crime passionnel" et du compagnon comme une "victime". Marie Trintignant (1962-2003)
74%
Ce dessinateur français est assassiné à Paris lors d'un attentat perpétré par deux frères membres d'une organisation terroriste islamiste. Cabu (1938-2015)
64%
Cet acteur meurt dans un accident de la route, alors qu'il était en plein tournage d'un film sur le thème de l'automobile. Paul Walker (1973-2013)
56%
Cet acteur français meurt suite à un traumatisme crânien, qui s'est produit lorsqu'il skiait sans casque. Gaspard Ulliel (1984-2022)
43%
Ce dirigeant d'un pays d'Afrique est capturé, torturé puis tué alors qu'il tente d'échapper aux rebelles de son régime. Après une quarantaine d'année à la tête du pays, la guerre civile avait éclaté suite à un mécontentement de la population à son égard. Mouammar Kadhafi (1942-2011)
31%
Cet acteur américano-canadien se noie dans son jacuzzi après une surdose de kétamine. Il était toxicomane depuis près de 25 ans et menait des actions dans le but de sensibiliser aux dangers des addictions. Matthew Perry (1969-2023)
29%
Ce jeune rappeur américain est tué lors d'une fusillade, suite à une tentative de vol à main armée. XXXTentacion (1998-2018)
28%
Aucun quiz correspondant
Distribution des résultats
% des personnes avec chaque résultat
Percentile par nombre de réponses
Votre historique - résultats
Vous n’avez pas pris ce quiz